| 000 | 00972nas a2200301 4500 | ||
|---|---|---|---|
| 001 | BR8100511 | ||
| 003 | BR-BrBNA | ||
| 005 | 20231205084516.0 | ||
| 007 | ta | ||
| 008 | 230509b bl.|||p| |||| 00| 00por d | ||
| 040 |
_aBR-BrBNA _bpor _cBiblioteca Nacional de Agricultura |
||
| 041 | _a(Pt) | ||
| 072 | _aF40; F10 | ||
| 100 | 1 | _aSilva, W.J. da | |
| 100 | 1 | _aAntunes, F.Z. | |
| 245 | 1 | _aAptidao climatica para a cultura do milho [Zea mays; Minas Gerais; Brasil] | |
| 246 | 1 | _aClimatic aptnes for maize crop [Zea mays; Minas Gerais; Brazil] | |
| 650 | _aEcologia vegetal | ||
| 650 | _aMeteorologia | ||
| 650 | _aMilho | ||
| 650 | _aMeio ambiente | ||
| 650 | _aTemperatura | ||
| 650 | _aBalanco hidrico | ||
| 650 | _aMinas Gerais | ||
| 773 | 0 |
_tInforme Agropecuario - Empresa de Pesquisa Agropecuaria de Minas Gerais (Brazil) _xISSN 0100-3364 _g(Dec 1980), v. 6(72) p. 10-14 _wBR8100511 |
|
| 909 |
_a202311 _bLúcia _c55 _dLúcia Elande |
||
| 942 |
_2AGRIS _n0 _cANA |
||
| 999 |
_c105650 _d105650 |
||